[Event "CAN-op"]
[Site "Edmonton CAN"]
[Date "2005.07.15"]
[Round "8.61"]
[White "Kuczaj, Chris"]
[Black "Blackwell, Ross"]
[Result "1-0"]
[WhiteElo "1904"]
[BlackElo "1476"]
[PlyCount "138"]
[GameId "2160767910902047"]
[EventDate "2005.07.09"]
[EventType "swiss"]
[EventRounds "10"]
[EventCountry "CAN"]

1. c4 g6 2. Nf3 Bg7 3. Nc3 c5 4. g3 Nf6 5. Bg2 Nc6 6. O-O O-O 7. d4 cxd4 8. Nxd4 a6 9. e3 Qc7 10. b3 d6 11. Bb2 Bd7 12. Rc1 Rac8 13. Qd2 Nxd4 14. exd4 e6 15. Rfe1 Ng4 16. h3 Bh6 17. f4 Nf6 18. g4 Bg7 19. Qf2 Bc6 20. d5 exd5 21. cxd5 Bd7 22. g5 Ne8 23. Ne4 Qb8 24. Bxg7 Kxg7 25. Qh4 Qa7+ 26. Kh1 Rxc1 27. Rxc1 Qd4 28. Kh2 Bf5 29. Rc4 Qb2 30. Ng3 Bd7 31. f5 Bxf5 32. Nxf5+ gxf5 33. Rd4 Qe2 34. Rf4 Qe5 35. Kg1 b5 36. Qf2 Kg6 37. Qh4 Kg7 38. Rf1 Nc7 39. Re1 Qc3 40. Rf1 Qe5 41. Re1 Qc3 42. Kh1 Re8 43. Rf1 Qe5 44. Qf2 Kg6 45. Qd2 Qe2 46. Qc3 Qe5 47. Qxc7 Kxg5 48. Qxf7 Re7 49. Qg8+ Kh6 50. h4 Qf6 51. Qg3 Re5 52. Qf4+ Kg6 53. Rg1 Kf7 54. Rc1 Qg6 55. Rc7+ Ke8 56. Qc1 Kf8 57. Qc6 Re2 58. Rc8+ Kg7 59. Qc3+ Kh6 60. Qf3 Re4 61. Qf2 Re7 62. Qf4+ Kg7 63. Rc3 Kf7 64. Rg3 Qf6 65. Rg5 Ke8 66. Rxf5 Qa1+ 67. Kh2 Kd7 68. Rf6 Qe5 69. Qxe5 dxe5 1-0

[Event "CAN-op"]
[Site "Edmonton CAN"]
[Date "2005.07.15"]
[Round "8.62"]
[White "Nikouline, Alexandre"]
[Black "Tomaras, Ioannis"]
[Result "1-0"]
[WhiteElo "1947"]
[BlackElo "1680"]
[PlyCount "41"]
[GameId "2160767910902048"]
[EventDate "2005.07.09"]
[EventType "swiss"]
[EventRounds "10"]
[EventCountry "CAN"]

1. e4 c5 2. Nf3 d6 3. d4 cxd4 4. Nxd4 Nf6 5. Nc3 a6 6. Bg5 Nbd7 7. f4 e5 8. Nf5 Qb6 9. fxe5 dxe5 10. Qd2 Nc5 11. Bxf6 Qxf6 12. Nd5 Qc6 13. O-O-O Nxe4 14. Qa5 b6 15. Nxb6 Bxf5 16. Nxa8 Bd6 17. Qd5 Qa4 18. Nb6 Qb4 19. Qa8+ Ke7 20. Nd5+ Ke6 21. Qxh8 1-0

[Event "CAN-op"]
[Site "Edmonton CAN"]
[Date "2005.07.15"]
[Round "8.64"]
[White "Pradzinski, Tim"]
[Black "Deimert, Elroy"]
[Result "0-1"]
[WhiteElo "1894"]
[BlackElo "1666"]
[PlyCount "86"]
[GameId "2160767910902050"]
[EventDate "2005.07.09"]
[EventType "swiss"]
[EventRounds "10"]
[EventCountry "CAN"]

1. Nc3 Nf6 2. e4 d6 3. Bc4 c5 4. d3 Nc6 5. Bg5 e6 6. Nf3 a6 7. a4 Be7 8. O-O O-O 9. h3 Bd7 10. Qd2 Na5 11. Ba2 b5 12. axb5 axb5 13. e5 dxe5 14. Nxe5 b4 15. Nxd7 bxc3 16. Nxf6+ gxf6 17. Qxc3 fxg5 18. f4 Qd4+ 19. Qxd4 cxd4 20. fxg5 Nc6 21. h4 Nb4 22. Bb3 Rxa1 23. Rxa1 Kg7 24. Ra7 Bd6 25. Kf2 Kg6 26. g4 h6 27. gxh6 Kxh6 28. Kg2 Bf4 29. Kh3 Bc1 30. Rb7 Nc6 31. Ba4 Ne5 32. b4 Bf4 33. b5 Nf3 34. Ra7 Kg6 35. b6 Nxh4 36. b7 Nf3 37. Ra8 Bb8 38. Bd7 Ne1 39. g5 Kxg5 40. Ra5+ f5 41. Rxf5+ exf5 42. Bxf5 Kxf5 43. c4 Rh8# 0-1

[Event "CAN-op"]
[Site "Edmonton CAN"]
[Date "2005.07.15"]
[Round "8.65"]
[White "Sullivan, Brian"]
[Black "Sorgard, Graham"]
[Result "0-1"]
[WhiteElo "1674"]
[BlackElo "1870"]
[PlyCount "56"]
[GameId "2160767910902051"]
[EventDate "2005.07.09"]
[EventType "swiss"]
[EventRounds "10"]
[EventCountry "CAN"]

1. e4 g6 2. Nf3 Bg7 3. d4 d6 4. Be2 Nf6 5. Nbd2 O-O 6. O-O c5 7. dxc5 dxc5 8. c3 Nc6 9. Qc2 Qc7 10. Nc4 b5 11. Ne3 a6 12. Bd2 Bb7 13. Nd5 Nxd5 14. exd5 Ne5 15. Nxe5 Bxe5 16. f4 Bg7 17. Bf3 Rad8 18. c4 bxc4 19. Qxc4 e6 20. Be3 Bxd5 21. Qxc5 Qb7 22. Rab1 Bxf3 23. Rxf3 Rc8 24. Qa3 Rfd8 25. Rf2 Qe4 26. Re1 Rd3 27. Qxa6 Ra8 28. Qb5 Rxe3 0-1

[Event "CAN-op"]
[Site "Edmonton CAN"]
[Date "2005.07.15"]
[Round "8.66"]
[White "Sagert, David"]
[Black "Corsmeier, Tom"]
[Result "1-0"]
[WhiteElo "1810"]
[BlackElo "1598"]
[PlyCount "109"]
[GameId "2160767910902052"]
[EventDate "2005.07.09"]
[EventType "swiss"]
[EventRounds "10"]
[EventCountry "CAN"]

1. Nf3 e6 2. c4 f5 3. e3 Nf6 4. d4 d5 5. Nc3 c6 6. Bd3 Bd6 7. h3 O-O 8. Ne5 Ne4 9. Bxe4 fxe4 10. cxd5 exd5 11. Bd2 Qg5 12. Qe2 Nd7 13. f4 Qh4+ 14. Kd1 Nxe5 15. dxe5 Bc7 16. Kc2 b5 17. g4 Qe7 18. Rac1 a5 19. a4 bxa4 20. Nxa4 Ba6 21. Qg2 Bd3+ 22. Kd1 Bc4 23. Rxc4 dxc4 24. Qxe4 Qe6 25. Nc5 Qd5 26. Qxd5+ cxd5 27. Bc3 Bb6 28. Bd4 a4 29. Ne6 Rfb8 30. Rh2 Bxd4 31. Nxd4 a3 32. bxa3 Rxa3 33. Nc2 Rb1+ 34. Kd2 Ra2 35. Kc3 Rb3+ 36. Kd4 Rd3+ 37. Kc5 Rd1 38. Re2 Kf7 39. e6+ Ke7 40. f5 Rh1 41. e4 dxe4 42. Rd2 Rxc2 43. Rxc2 Rxh3 44. Rxc4 e3 45. Re4 Rg3 46. Kd4 e2 47. Ke5 Rxg4 48. Rxe2 Rg1 49. Re4 g5 50. f6+ Ke8 51. Kf5 g4 52. Rb4 Rf1+ 53. Kg5 Rd1 54. Rb8+ Rd8 55. f7+ 1-0

[Event "CAN-op"]
[Site "Edmonton CAN"]
[Date "2005.07.15"]
[Round "8.67"]
[White "Panjwani, Dilip"]
[Black "Long, Hugh"]
[Result "1/2-1/2"]
[WhiteElo "1662"]
[BlackElo "1780"]
[PlyCount "80"]
[GameId "2160767910902053"]
[EventDate "2005.07.09"]
[EventType "swiss"]
[EventRounds "10"]
[EventCountry "CAN"]

1. e4 e5 2. Nf3 Nc6 3. d4 exd4 4. Bc4 h6 5. O-O Bc5 6. c3 dxc3 7. Bxf7+ Kf8 8. Nxc3 d6 9. Bc4 Bg4 10. Qd5 Qd7 11. e5 Nb4 12. Qxb7 Re8 13. Bf4 Ne7 14. exd6 Bxd6 15. Bxd6 Qxd6 16. Rad1 Qc5 17. Qe4 Bf5 18. Qd4 Qxd4 19. Rxd4 Nbc6 20. Rd2 Na5 21. Bb5 Rb8 22. Rfd1 Kf7 23. g4 Be6 24. Ne5+ Kg8 25. b4 Nb7 26. Bc4 Bxc4 27. Nxc4 Nd6 28. Nxd6 cxd6 29. a3 Rc8 30. Nb5 d5 31. Nxa7 Ra8 32. Nb5 Kf7 33. Ra1 Rhb8 34. Nc7 Ra7 35. Nxd5 Nxd5 36. Rxd5 Rxb4 37. f3 Rb3 38. Rf5+ Kg8 39. a4 Rb2 40. a5 Rc7 1/2-1/2

[Event "CAN-op"]
[Site "Edmonton CAN"]
[Date "2005.07.15"]
[Round "8.69"]
[White "Camphaug, Lincoln"]
[Black "Panteluk, Steven"]
[Result "0-1"]
[WhiteElo "1602"]
[BlackElo "1773"]
[PlyCount "68"]
[GameId "2160767910902055"]
[EventDate "2005.07.09"]
[EventType "swiss"]
[EventRounds "10"]
[EventCountry "CAN"]

1. e4 e5 2. Nf3 Nc6 3. Bb5 d6 4. c3 Bd7 5. Ba4 Nf6 6. d3 g6 7. O-O Bg7 8. Re1 O-O 9. h3 a6 10. Bb3 b5 11. Bd2 Na5 12. Bc2 c5 13. Qc1 Qc7 14. Bh6 Rac8 15. Bxg7 Kxg7 16. a4 h6 17. Nbd2 Be6 18. axb5 axb5 19. b3 b4 20. c4 Nc6 21. Nf1 Qd7 22. Kh2 Nh5 23. g4 Bxg4 24. hxg4 Qxg4 25. Ng1 Nf4 26. Ne3 Qh4+ 27. Nh3 Qxh3+ 28. Kg1 Nd4 29. Bd1 Nf3+ 30. Bxf3 Qxf3 31. Qd2 h5 32. Ra7 h4 33. Qc2 h3 34. Rea1 h2+ 0-1

[Event "CAN-op"]
[Site "Edmonton CAN"]
[Date "2005.07.15"]
[Round "8.71"]
[White "Geley, Shawn"]
[Black "Rajski, Piotr"]
[Result "0-1"]
[WhiteElo "1522"]
[BlackElo "1746"]
[PlyCount "54"]
[GameId "2160767910902056"]
[EventDate "2005.07.09"]
[EventType "swiss"]
[EventRounds "10"]
[EventCountry "CAN"]

1. e4 c5 2. Nf3 Nc6 3. d4 cxd4 4. Nxd4 Nf6 5. Nc3 d6 6. Be3 Ng4 7. Bc1 Qb6 8. Nd5 Qxd4 9. Qxd4 Nxd4 10. Bd3 Ne5 11. O-O Nxd3 12. cxd3 Kd8 13. Be3 Nc6 14. b4 e6 15. b5 exd5 16. bxc6 bxc6 17. exd5 cxd5 18. Bd4 Bf5 19. Rfd1 Rg8 20. Rab1 Bc8 21. Rbc1 Be7 22. Rc6 Kd7 23. Rdc1 Bd8 24. h3 f6 25. Bb2 Bb7 26. R6c2 Bb6 27. Ba3 Rac8 0-1

[Event "CAN-op"]
[Site "Edmonton CAN"]
[Date "2005.07.15"]
[Round "8.72"]
[White "Me, Kevin"]
[Black "MacKinnon, Keith"]
[Result "1/2-1/2"]
[WhiteElo "1737"]
[BlackElo "1592"]
[PlyCount "75"]
[GameId "2160767910902057"]
[EventDate "2005.07.09"]
[EventType "swiss"]
[EventRounds "10"]
[EventCountry "CAN"]

1. e4 e5 2. Nf3 Nc6 3. Bb5 a6 4. Ba4 Nf6 5. O-O Nxe4 6. Re1 Nc5 7. Bxc6 dxc6 8. Nxe5 Be6 9. d4 Nd7 10. Nf3 Be7 11. c3 Nb6 12. Nbd2 O-O 13. Ne4 Bg4 14. h3 Bh5 15. Ng3 Bg6 16. Ne5 Bd6 17. f4 Bxe5 18. Rxe5 f6 19. Re1 Qd7 20. Qf3 Rfe8 21. Rf1 Re7 22. f5 Bf7 23. b3 Rae8 24. Bd2 Kh8 25. Qf2 Rd8 26. Rae1 Rde8 27. c4 Rxe1 28. Rxe1 Rxe1+ 29. Bxe1 Qe7 30. Bd2 Nd7 31. Bf4 Nb6 32. Kh2 Nc8 33. Qf3 Nd6 34. Bd2 Qe8 35. Bf4 Qe7 36. Ne2 Nxf5 37. g4 Nd6 38. Ng3 1/2-1/2

[Event "CAN-op"]
[Site "Edmonton CAN"]
[Date "2005.07.15"]
[Round "8.73"]
[White "Faust, Steven"]
[Black "Johnson, Dean"]
[Result "1-0"]
[WhiteElo "1722"]
[BlackElo "1588"]
[PlyCount "85"]
[GameId "2160767910902058"]
[EventDate "2005.07.09"]
[EventType "swiss"]
[EventRounds "10"]
[EventCountry "CAN"]

1. c4 e5 2. g3 Nc6 3. Bg2 g6 4. Nc3 Bg7 5. a3 a5 6. e3 Nge7 7. Nge2 d6 8. O-O O-O 9. d4 exd4 10. exd4 Bf5 11. Be3 Qd7 12. Nf4 Rfe8 13. Qd2 a4 14. Rad1 Na5 15. Qe2 c6 16. Nxa4 Nxc4 17. Qxc4 b5 18. Nb6 Qa7 19. Qb4 Qxb6 20. Qxd6 Rad8 21. Qb4 Nd5 22. Nxd5 cxd5 23. Rc1 Bd3 24. Rfd1 Be2 25. Rd2 Bf8 26. Qb3 Bc4 27. Qd1 b4 28. b3 Ba6 29. a4 Bb7 30. Rdc2 Bd6 31. Bg5 Rd7 32. Be3 Rdd8 33. Qd2 Rd7 34. Bf4 Bxf4 35. Qxf4 Rde7 36. h4 Re6 37. Rc7 Rf6 38. Qd2 Rc6 39. R7xc6 Bxc6 40. Rc5 Rd8 41. Qc1 Bb7 42. Rb5 Qa7 43. Qc7 1-0

[Event "CAN-op"]
[Site "Edmonton CAN"]
[Date "2005.07.15"]
[Round "8.74"]
[White "Chi, Megan"]
[Black "Masson, Richard"]
[Result "0-1"]
[WhiteElo "1502"]
[BlackElo "1712"]
[PlyCount "94"]
[GameId "2160767910902059"]
[EventDate "2005.07.09"]
[EventType "swiss"]
[EventRounds "10"]
[EventCountry "CAN"]

1. d4 Nf6 2. c4 g6 3. Nc3 d5 4. Bf4 Bg7 5. e3 O-O 6. Nf3 c5 7. h3 Nc6 8. Be2 dxc4 9. Bxc4 Nh5 10. d5 Na5 11. Be2 Nxf4 12. exf4 b6 13. O-O Qc7 14. Qd2 a6 15. Qe3 Nb7 16. Ne5 Bh6 17. Bf3 Nd6 18. b3 Nf5 19. Qd2 Nd4 20. Ne2 Qxe5 21. Nxd4 cxd4 22. Rfe1 Bxf4 23. Rxe5 Bxd2 24. Rxe7 Bf5 25. g4 Bc2 26. a3 d3 27. Ra2 Rac8 28. d6 Bg5 29. Rc7 Rxc7 30. dxc7 Rc8 31. Ra1 Rxc7 32. Kg2 d2 33. Be2 b5 34. b4 Rd7 35. Kg3 d1=Q 36. Bxd1 Rxd1 37. Ra2 Bd3 38. Rb2 Bf6 39. Rb3 Bc4 40. Re3 Rd3 41. Rxd3 Bxd3 42. Kf3 Bb2 43. Ke3 Bf1 44. h4 Bxa3 45. Kd4 Bxb4 46. f4 a5 47. Ke4 a4 0-1

[Event "CAN-op"]
[Site "Edmonton CAN"]
[Date "2005.07.15"]
[Round "8.76"]
[White "Lacroix, Peter"]
[Black "O'Brien, Sandy"]
[Result "1-0"]
[WhiteElo "1688"]
[BlackElo "1392"]
[PlyCount "37"]
[GameId "2160767910902060"]
[EventDate "2005.07.09"]
[EventType "swiss"]
[EventRounds "10"]
[EventCountry "CAN"]

1. f4 d5 2. b3 Nf6 3. Bb2 e6 4. Nf3 Be7 5. e3 Nc6 6. Bb5 O-O 7. O-O a6 8. Bxc6 bxc6 9. Qe1 Re8 10. d3 c5 11. Nbd2 Bb7 12. Ne5 Bd6 13. Qh4 Nd7 14. Qh5 Bxe5 15. fxe5 g6 16. Qh6 Nb6 17. Rxf7 Kxf7 18. Qxh7+ Kf8 19. Rf1+ 1-0

[Event "CAN-op"]
[Site "Edmonton CAN"]
[Date "2005.07.15"]
[Round "8.79"]
[White "Reuter, Gerhard"]
[Black "Raymer, Elliot"]
[Result "0-1"]
[WhiteElo "1749"]
[BlackElo "1574"]
[PlyCount "90"]
[GameId "2160767910902061"]
[EventDate "2005.07.09"]
[EventType "swiss"]
[EventRounds "10"]
[EventCountry "CAN"]

1. f4 Nf6 2. Nf3 e6 3. g3 d5 4. Bg2 Be7 5. O-O O-O 6. d3 b6 7. e4 dxe4 8. Ng5 Bc5+ 9. Kh1 Bb7 10. Nc3 Nc6 11. Ngxe4 Nxe4 12. Nxe4 Be7 13. Be3 Kh8 14. Qe2 Nd4 15. Bxd4 Qxd4 16. c3 Qd7 17. d4 Rac8 18. Rad1 Rfd8 19. Ng5 Bxg2+ 20. Qxg2 Bxg5 21. fxg5 c5 22. Qf3 Qa4 23. Qxf7 Qxa2 24. Rf2 Qb3 25. Rdf1 Qd5+ 26. Kg1 Qd6 27. Qxa7 cxd4 28. Rd1 Qc5 29. Rxd4 Rxd4 30. cxd4 Qxd4 31. Qb7 Rf8 32. Qg2 Kg8 33. h4 g6 34. g4 Rxf2 35. Qxf2 Qd1+ 36. Kh2 Qxg4 37. Qg3 Qxg3+ 38. Kxg3 e5 39. Kf3 Kf7 40. Ke4 Ke6 41. b3 b5 42. b4 Kd6 43. h5 gxh5 44. Kf5 Kd5 45. g6 hxg6+ 0-1

[Event "CAN-op"]
[Site "Edmonton CAN"]
[Date "2005.07.15"]
[Round "8.81"]
[White "Smith, Maurice"]
[Black "Hendon, Lee"]
[Result "1-0"]
[WhiteElo "1708"]
[BlackElo "1544"]
[PlyCount "83"]
[GameId "2160767910902063"]
[EventDate "2005.07.09"]
[EventType "swiss"]
[EventRounds "10"]
[EventCountry "CAN"]

1. d4 d5 2. c4 c6 3. Nc3 Nf6 4. Nf3 e6 5. Bg5 Be7 6. e3 O-O 7. Bd3 dxc4 8. Bxc4 b5 9. Bd3 Bb7 10. a3 a6 11. O-O Nbd7 12. Rc1 c5 13. dxc5 Nxc5 14. Be2 Qc7 15. b4 Rfd8 16. Qc2 Ncd7 17. Qb2 Qb6 18. Rfd1 Rac8 19. Bh4 Qa7 20. h3 Qa8 21. Ne1 Ne5 22. Nxb5 Ng6 23. Rxc8 Rxc8 24. Nd6 Nxh4 25. Nxc8 Qxc8 26. Rc1 Qa8 27. Bf1 Nd5 28. Rc4 Bf6 29. Qc1 Ng6 30. Be2 Ne5 31. Rc2 Nb6 32. Bf1 Be4 33. Rc5 g6 34. a4 Kg7 35. Ra5 Qe8 36. Rxa6 Nxa4 37. f4 Bb7 38. Ra7 Be4 39. fxe5 Bxe5 40. Nf3 Bb8 41. Qa1+ Kg8 42. Rxa4 1-0

[Event "CAN-op"]
[Site "Edmonton CAN"]
[Date "2005.07.15"]
[Round "8.82"]
[White "Laboucane, Randy"]
[Black "Breel, Kevin"]
[Result "1/2-1/2"]
[WhiteElo "1626"]
[BlackElo "1544"]
[PlyCount "42"]
[GameId "2160767910902064"]
[EventDate "2005.07.09"]
[EventType "swiss"]
[EventRounds "10"]
[EventCountry "CAN"]

1. d4 Nf6 2. c4 g6 3. Nc3 Bg7 4. e4 d6 5. f3 O-O 6. Be3 c5 7. d5 Nbd7 8. Nge2 a6 9. Qd2 Rb8 10. Ng3 Re8 11. Bh6 Qa5 12. h4 b5 13. h5 bxc4 14. Bxg7 Kxg7 15. hxg6 fxg6 16. Bxc4 Qb4 17. b3 Ne5 18. a3 Qa5 19. Nge2 Bd7 20. Kf2 Rb7 21. Rhb1 Reb8 1/2-1/2

[Event "CAN-op"]
[Site "Edmonton CAN"]
[Date "2005.07.15"]
[Round "8.84"]
[White "Lyall, David"]
[Black "Pivovarov, Juraj"]
[Result "0-1"]
[WhiteElo "1477"]
[BlackElo "1615"]
[PlyCount "80"]
[GameId "2160767910902066"]
[EventDate "2005.07.09"]
[EventType "swiss"]
[EventRounds "10"]
[EventCountry "CAN"]

1. c4 e5 2. Nc3 Nf6 3. e3 Nc6 4. a3 d5 5. d4 exd4 6. exd4 Be7 7. Be3 O-O 8. Nf3 Bg4 9. h3 Bxf3 10. Qxf3 dxc4 11. d5 Ne5 12. Qd1 a6 13. f4 Ng6 14. g3 Re8 15. Be2 Bxa3 16. Rxa3 Rxe3 17. Kf2 Re8 18. Bf3 Qd6 19. Qd4 b5 20. Ne4 Nxe4+ 21. Bxe4 Nxf4 22. Bxh7+ Kxh7 23. gxf4 Qb6 24. Rd1 Qxd4+ 25. Rxd4 Kg6 26. Rg3+ Kf6 27. Rg5 Rad8 28. Kf3 Rd6 29. Kg4 Re2 30. Rf5+ Ke7 31. Kf3 Rxb2 32. Re4+ Kf8 33. Rfe5 g6 34. Re8+ Kg7 35. R4e5 c6 36. dxc6 Rxc6 37. f5 gxf5 38. Ra8 c3 39. Re1 c2 40. Rg1+ Kf6 0-1

[Event "CAN-op"]
[Site "Edmonton CAN"]
[Date "2005.07.15"]
[Round "8.85"]
[White "Wang, Hao"]
[Black "MacLeod, Damon"]
[Result "0-1"]
[WhiteElo "1271"]
[BlackElo "1601"]
[PlyCount "92"]
[GameId "2160767910902067"]
[EventDate "2005.07.09"]
[EventType "swiss"]
[EventRounds "10"]
[EventCountry "CAN"]

1. d4 d5 2. c4 e6 3. Nc3 Nf6 4. Bf4 Nbd7 5. a3 Nh5 6. Bd2 c5 7. e3 Nhf6 8. Nf3 Bd6 9. Bd3 O-O 10. O-O Re8 11. Re1 e5 12. cxd5 e4 13. Nb5 Bf8 14. Bc4 exf3 15. gxf3 a6 16. Nc3 b5 17. Ba2 cxd4 18. exd4 Rxe1+ 19. Qxe1 Nb6 20. Bg5 Bh3 21. Bh4 Be7 22. Bg3 Nfxd5 23. Qe5 Nxc3 24. bxc3 Nc4 25. Qe4 Nd6 26. Qe5 Rc8 27. Rc1 Nc4 28. Qe4 Bxa3 29. Re1 Bb2 30. Bb1 g6 31. Bh4 Qd7 32. Kh1 Bxc3 33. Rd1 Nd2 34. Qf4 Nxb1 35. Bf6 Qf5 36. Qg3 Qxf6 37. Qxh3 Rd8 38. Rxb1 Bxd4 39. Qg2 Qf5 40. Rd1 b4 41. Ra1 Bxa1 42. Qf1 Qxf3+ 43. Kg1 Rd1 44. Qxd1 Qxd1+ 45. Kg2 b3 46. h4 b2 0-1

[Event "CAN-op"]
[Site "Edmonton CAN"]
[Date "2005.07.15"]
[Round "8.86"]
[White "Robertson, Trevor"]
[Black "Cannon, Farley"]
[Result "1/2-1/2"]
[WhiteElo "1597"]
[BlackElo "1432"]
[PlyCount "72"]
[GameId "2160767910902068"]
[EventDate "2005.07.09"]
[EventType "swiss"]
[EventRounds "10"]
[EventCountry "CAN"]

1. d4 Nf6 2. c4 g6 3. Nc3 Bg7 4. Nf3 d6 5. Bg5 O-O 6. e3 Nbd7 7. Bd3 e5 8. Ne4 Qe8 9. Nxf6+ Nxf6 10. dxe5 dxe5 11. Bxf6 Bxf6 12. Be4 c6 13. O-O Be6 14. Qc2 Qe7 15. Rad1 Rad8 16. b3 Bg7 17. Rxd8 Rxd8 18. Qe2 Bg4 19. h3 Be6 20. Rd1 Rxd1+ 21. Qxd1 Qd7 22. Qxd7 Bxd7 23. g4 f6 24. Kg2 Kf7 25. Bb1 Be6 26. Nd2 Ke7 27. f4 f5 28. gxf5 gxf5 29. Nf3 e4 30. Ng5 h6 31. Nxe6 Kxe6 32. Kg3 Kf7 33. Bc2 Kg6 34. a4 Bc3 35. Bd1 h5 36. Kf2 Bb4 1/2-1/2

[Event "CAN-op"]
[Site "Edmonton CAN"]
[Date "2005.07.15"]
[Round "8.87"]
[White "Bowles, Charles"]
[Black "Boot, Steven"]
[Result "1-0"]
[WhiteElo "1625"]
[BlackElo "1382"]
[PlyCount "99"]
[GameId "2160767910902069"]
[EventDate "2005.07.09"]
[EventType "swiss"]
[EventRounds "10"]
[EventCountry "CAN"]

1. e4 e5 2. Nf3 Nc6 3. Bb5 Nge7 4. c3 d6 5. h3 h6 6. d3 Bd7 7. Nbd2 a6 8. Ba4 Na7 9. O-O Nec6 10. b4 Nb8 11. Bb3 Qe7 12. Bb2 g5 13. Nh2 Be6 14. Nc4 Nd7 15. d4 Bxc4 16. Bxc4 O-O-O 17. a4 h5 18. Qf3 f6 19. Be2 Qg7 20. c4 Be7 21. c5 dxc5 22. bxc5 exd4 23. Bxd4 Nc6 24. Rad1 Nxd4 25. Rxd4 Bxc5 26. Rc4 a5 27. Rfc1 b6 28. Qf5 Kb8 29. Rb1 Ne5 30. Rxc5 g4 31. Rc3 Qh6 32. Rbc1 g3 33. fxg3 Nd3 34. Rd1 Qe3+ 35. Kf1 Qxg3 36. Rdxd3 Rxd3 37. Rxd3 Qxh2 38. Qxf6 Rc8 39. Kf2 h4 40. Rc3 Rg8 41. Bg4 Qh1 42. Qf7 Rg7 43. Qxg7 Qh2 44. Qf8+ Ka7 45. Qc8 Qf4+ 46. Kg1 c5 47. Rf3 Qc1+ 48. Kh2 Qc4 49. Qc7+ Ka6 50. Bc8# 1-0

[Event "CAN-op"]
[Site "Edmonton CAN"]
[Date "2005.07.15"]
[Round "8.88"]
[White "Tuason, Alfred"]
[Black "Seehagen, Terry"]
[Result "0-1"]
[WhiteElo "1356"]
[BlackElo "1608"]
[PlyCount "68"]
[GameId "2160767910902070"]
[EventDate "2005.07.09"]
[EventType "swiss"]
[EventRounds "10"]
[EventCountry "CAN"]

1. e4 d5 2. exd5 Nf6 3. Nc3 e5 4. dxe6 Bxe6 5. Nf3 Bd6 6. h3 Qe7 7. Be2 Nc6 8. O-O O-O-O 9. d3 h6 10. Be3 Nd5 11. Nxd5 Bxd5 12. c4 Be6 13. a3 g5 14. g4 Bf4 15. Qa4 Bxe3 16. fxe3 h5 17. Nh2 hxg4 18. Bxg4 Bxg4 19. Nxg4 Rxh3 20. Qd1 Qe6 21. Rf6 Rg3+ 22. Kf2 Qxg4 23. Qxg4+ Rxg4 24. d4 Rh4 25. Rg1 Rh2+ 26. Rg2 Rxg2+ 27. Kxg2 Rf8 28. Kg3 Na5 29. c5 Nc4 30. Rf3 Nxb2 31. Kg4 f6 32. e4 Re8 33. Re3 Nc4 34. Rc3 Rxe4+ 0-1

[Event "CAN-op"]
[Site "Edmonton CAN"]
[Date "2005.07.15"]
[Round "8.89"]
[White "Harrop, Breagan"]
[Black "Meller, Caleb"]
[Result "1-0"]
[WhiteElo "1568"]
[BlackElo "1365"]
[PlyCount "55"]
[GameId "2160767910902071"]
[EventDate "2005.07.09"]
[EventType "swiss"]
[EventRounds "10"]
[EventCountry "CAN"]

1. e4 e5 2. d4 exd4 3. c3 Bc5 4. cxd4 Be7 5. Bc4 d6 6. Qb3 Be6 7. Bxe6 fxe6 8. Qxe6 Nc6 9. Nf3 Nf6 10. Ng5 Rf8 11. Qb3 b6 12. Ne6 Qd7 13. Nxf8 Bxf8 14. d5 Nd4 15. Qd3 c5 16. O-O O-O-O 17. b4 Ng4 18. Bb2 Nb5 19. bxc5 dxc5 20. f3 Ne5 21. Bxe5 Nd4 22. Qa6+ Qb7 23. Qxb7+ Kxb7 24. Bxd4 cxd4 25. Nd2 g6 26. Nb3 Bg7 27. Rac1 a5 28. Rfd1 1-0

[Event "CAN-op"]
[Site "Edmonton CAN"]
[Date "2005.07.15"]
[Round "8.90"]
[White "Longson, Stan"]
[Black "Meller, Marvin"]
[Result "1-0"]
[WhiteElo "1322"]
[BlackElo "1561"]
[PlyCount "125"]
[GameId "2160767910902072"]
[EventDate "2005.07.09"]
[EventType "swiss"]
[EventRounds "10"]
[EventCountry "CAN"]

1. e4 e5 2. f4 d6 3. Nf3 exf4 4. h4 Bg4 5. Be2 h6 6. d3 Nc6 7. Bxf4 Be7 8. Nc3 Bxf3 9. Bxf3 Bxh4+ 10. Kd2 Bg5 11. g3 Ne5 12. Qf1 Qf6 13. Ne2 O-O-O 14. Rd1 Ne7 15. Kc1 N7g6 16. Bxg5 hxg5 17. Bh5 Qe7 18. d4 Nc4 19. Bxg6 fxg6 20. Qf3 Qe6 21. Rxh8 Rxh8 22. Nc3 g4 23. Qf2 Nb6 24. Kb1 Kb8 25. b3 a6 26. Rf1 Nd7 27. Qf7 Nf8 28. d5 Qe5 29. Kb2 b5 30. b4 Kb7 31. Rf4 Nh7 32. Qxg6 a5 33. a3 Ng5 34. Rxg4 Rh6 35. Qxg5 Qd4 36. Qxg7 Qe3 37. Nxb5 Qb6 38. Qxh6 Qxb5 39. Qd2 a4 40. Qd3 Qd7 41. Rf4 Qg7+ 42. Rf6 Qxf6+ 43. Ka2 Qg5 44. Qb5+ Kc8 45. Qxa4 Qxg3 46. Qb3 Qe1 47. Qc4 Qe3 48. b5 Qa7 49. a4 Qa5 50. Ka3 Qd2 51. Kb2 Qa5 52. c3 Qb6 53. Kb3 Qg1 54. Kb4 Qb1+ 55. Qb3 Qxe4+ 56. Qc4 Qb1+ 57. Ka5 Qg1 58. Qc6 Qa7+ 59. Qa6+ Qxa6+ 60. Kxa6 Kb8 61. b6 cxb6 62. Kxb6 Kc8 63. Kc6 1-0

[Event "CAN-op"]
[Site "Edmonton CAN"]
[Date "2005.07.15"]
[Round "8.91"]
[White "Baser, Arthur"]
[Black "Reichert, Wayne"]
[Result "1-0"]
[WhiteElo "1560"]
[BlackElo "1275"]
[PlyCount "51"]
[GameId "2160767910902073"]
[EventDate "2005.07.09"]
[EventType "swiss"]
[EventRounds "10"]
[EventCountry "CAN"]

1. e4 c5 2. Nf3 d6 3. d4 cxd4 4. Nxd4 Nf6 5. Nc3 e6 6. Bg5 Nbd7 7. f4 Be7 8. Qf3 a6 9. O-O-O h6 10. Bh4 Qc7 11. Bd3 b5 12. Rhe1 Bb7 13. Kb1 O-O 14. g4 e5 15. Nf5 Bd8 16. Rg1 Kh7 17. g5 Ne8 18. gxh6 g6 19. Bxd8 Qxd8 20. Ne3 Rg8 21. f5 Qf6 22. Ncd5 Qh4 23. fxg6+ fxg6 24. Qf7+ Kh8 25. Ne7 Rf8 26. Nxg6# 1-0

[Event "CAN-op"]
[Site "Edmonton CAN"]
[Date "2005.07.15"]
[Round "8.92"]
[White "Thomas, Derek"]
[Black "Roberts, Richard"]
[Result "1-0"]
[WhiteElo "1300"]
[BlackElo "1533"]
[PlyCount "89"]
[GameId "2160767910902074"]
[EventDate "2005.07.09"]
[EventType "swiss"]
[EventRounds "10"]
[EventCountry "CAN"]

1. c4 Nf6 2. Nc3 g6 3. e4 Nc6 4. d3 Nd4 5. Be3 c5 6. Be2 e5 7. Nf3 d6 8. O-O Bg7 9. h3 b6 10. Nd5 h6 11. Qd2 Bb7 12. Nh2 Bxd5 13. cxd5 Qe7 14. f4 Nh5 15. f5 Nxe2+ 16. Qxe2 Ng3 17. Qd2 Nxf1 18. Rxf1 Qd7 19. f6 Bf8 20. Ng4 O-O-O 21. Nxh6 Bxh6 22. Bxh6 Rh7 23. Bg7 Rh5 24. Qc2 Kb7 25. Qd2 Rh4 26. b3 Rh5 27. Qc2 Rc8 28. Qd2 g5 29. Rf5 Qb5 30. Qe2 Rh4 31. Rxg5 Qe8 32. Rf5 Qg8 33. Kh1 Qh7 34. Kh2 Qg6 35. Qe3 b5 36. Rg5 Qh7 37. Rf5 Rf4 38. Rxf4 exf4 39. Qxf4 Rd8 40. e5 Kc7 41. exd6+ Rxd6 42. Bf8 Qxd3 43. Qxd6+ Kb7 44. Qc6+ Kb8 45. Bd6# 1-0

[Event "CAN-op"]
[Site "Edmonton CAN"]
[Date "2005.07.15"]
[Round "8.93"]
[White "Steer, David"]
[Black "Bullerkist, Caitlin"]
[Result "1-0"]
[WhiteElo "1532"]
[BlackElo "1226"]
[PlyCount "109"]
[GameId "2160767910902075"]
[EventDate "2005.07.09"]
[EventType "swiss"]
[EventRounds "10"]
[EventCountry "CAN"]

1. e4 e5 2. Nf3 Nc6 3. Bb5 Nf6 4. O-O Bc5 5. c3 O-O 6. Bxc6 dxc6 7. Nxe5 Re8 8. d4 Bd6 9. Bg5 h6 10. Bh4 Be7 11. Re1 Nd7 12. Bxe7 Qxe7 13. Nd3 Qg5 14. f4 Qd8 15. Nd2 Nb6 16. Nf3 Bg4 17. h3 Bh5 18. g4 Bg6 19. f5 Bh7 20. Qb3 Qd7 21. Nfe5 Qe7 22. Nf4 Red8 23. Kg2 Qe8 24. Rad1 Nd7 25. Ned3 b6 26. e5 c5 27. e6 fxe6 28. Nxe6 Rdc8 29. Nxc7+ Qf7 30. Qxf7+ Kxf7 31. Nxa8 Rxa8 32. Ne5+ Nxe5 33. dxe5 Ke7 34. Kf3 Bg8 35. b3 a6 36. Rd6 b5 37. Red1 c4 38. b4 a5 39. Rd7+ Ke8 40. Rxg7 Kf8 41. Rb7 axb4 42. cxb4 Rc8 43. Rxb5 c3 44. Rc5 Ra8 45. Rxc3 Rxa2 46. Rd8+ Kg7 47. Rc7+ Kh8 48. Rcc8 Ra3+ 49. Kg2 Ra2+ 50. Kg3 Ra3+ 51. Kh4 Ra4 52. Kh5 Kh7 53. Rc7+ Kh8 54. Kxh6 Rxb4 55. Rh7# 1-0